000 00291nam a2200109Ia 4500
008 200302s9999 xx 000 0 und d
100 _aRosa Maria Falvo ed.
245 _aChristopher bnninger architecture for modern India
260 _bIndia house art Gallery
260 _c2015
300 _a383
999 _c6596
_d6596